| 000 | 00474nam a22001697a 4500 | ||
|---|---|---|---|
| 005 | 20250909124423.0 | ||
| 008 | 250909b |||||||| |||| 00| 0 eng d | ||
| 020 | _a978-9966-46-540-5 | ||
| 100 | _aKINGEI KITULA | ||
| 245 | _aKAMUSI YA SEMI ZA KISWAHILI: TOLEO JIPYA | ||
| 260 |
_aNAIROBI _bEAST AFRICAN EDUCATIONAL PUBLISHERS _c2022 |
||
| 300 | _aVI,305P. | ||
| 500 | _aINCLUDES AN INDEX | ||
| 650 | _aSWAHILI LANGUAGES | ||
| 700 | _aAHMED NDALU | ||
| 942 |
_2lcc _cREF |
||
| 999 |
_c216078 _d216078 |
||